|
|
|
|
| LEADER |
00000cam a2200000 7i4500 |
| 001 |
0000002097 |
| 005 |
20021010.0 |
| 020 |
0 |
0 |
|a 0070294267
|
| 090 |
0 |
0 |
|a 363.7
|b CUN 2003
|
| 100 |
1 |
0 |
|a CUNNINGHAM
|h William P.
|
| 245 |
1 |
0 |
|a Environmental science :
|b a global concern
|c William P. Cunningham, Mary Ann Cunningham, Barbara Woodworth Saigo
|
| 250 |
0 |
0 |
|a 7th ed.
|
| 260 |
0 |
0 |
|a Dubuque, Iowa :
|b McGraw-Hill ,
|c 2003
|
| 300 |
|
|
|a xvii, 646 p. :
|b ill. (some col.), col. maps ;
|c 29 cm.
|
| 500 |
0 |
0 |
|a Includes index
|
| 650 |
0 |
0 |
|a Environmental sciences
|
| 700 |
0 |
1 |
|a Cunningham
|h Mary Ann
|
| 700 |
0 |
1 |
|a Saigo
|h Barbara Woodworth
|
| 998 |
|
|
|a JPSM
|
| 999 |
|
|
|a 0000003444
|b Monograph
|c Open Shelf
|e Default branch
|